| 000 | 01892nam a2200229 4500 | ||
|---|---|---|---|
| 999 |
_c63835 _d63835 |
||
| 003 | Ge_BSU | ||
| 005 | 20260130150229.0 | ||
| 008 | 260130s1978 ge ||||| |||| 00| 0 geo d | ||
| 041 | _ageo | ||
| 080 | _a338(479.22) :330.56 მ-54 | ||
| 100 |
_aმელქაძე, ვ. _926708 |
||
| 245 |
_aსაქართველოს სსრ საზოგადოებრივი პროდუქტისა და ეროვნული შემოსავლის რეგიონალური სტრუქტურა = Региональная структура общественного продукта и национального дохода Грузинской ССР / _cვ. მელქაძე; საქ. სსრ სახელმწ. საგეგმო კომიტეტთან არსებ. სახ. მეურნ. ეკონ. და დაგეგმვის სამეცნ.-კვლევ. ინ-ტი (სმედსი). |
||
| 264 |
_aთბ. : _b საბჭ. საქართველო, _c1978. |
||
| 300 |
_a301 გვ. : _bილ. ; _c21 სმ. |
||
| 500 | _aპარალ. ტექსტი რუს. | ||
| 501 | _aლიტ. სია: გვ. 142-144 (51 დასახ.). | ||
| 653 | _aსაქართველოს საზოგადოებრივი პროდუქტი. | ||
| 653 | _aსაქართველოს ეკონომიკა | ||
| 653 | _aსაქართველოს ეროვნული შემოსავალი. | ||
| 710 |
_aსაქ. სსრ სახელმწ. საგეგმო კომიტეტთან არსებ. სახ. მეურნ. ეკონ. და დაგეგმვის სამეცნ.-კვლევ. ინ-ტი (სმედსი). _926770 |
||
| 942 |
_2udc _cᲬᲘᲒᲜᲘ |
||